000 00709nam a2200265Ia 4500
003 OSt
005 20221006151107.0
006 a|||||r|||| 00| 0
007 ta
008 221006b |||||||| |||| 00| 0 jpn d
020 _c¥550
024 _a20,915
037 _bGift, Japan Foundation
_cTextual
040 _aEASL
_cEASL
_bjpn
041 _2jpn
_ajpn
082 _a1008064
100 _aNAKAGAWA HISAYASU Ed.
_9658303
245 0 _aHayashi tatsuo hyoronshu
260 _aTokyo
_bIwanami Shoten Japan
_c1982
300 _a362p.
_ccm.
490 _v JL
650 _aJL
942 _h1008064
_cTEXL
_2CC
999 _c1089001
_d1089001